Inseln / Halbinseln Europa - Statistiken

Allgemein
  • Dieses Quiz wurde 39 mal gespielt
  • Das Durchschnittsergebnis liegt bei 8 aus 21
Antwortstatistiken
Hinweis Antwort % Korrekt
Italien Sizilien
79%
Frankreich Korsika
76%
Italien Sardinien
74%
Griechenland Kreta
68%
Norwegen Spitzbergen
56%
Albanien, Bosnien, Bulgarien, Kroatien,Griechenland, Montenegro, Nordmazedonien, Rumänien, Serbien, Slowenien, Türkei, Moldawien Balkan Halbinsel
47%
Färöer Färöer
47%
Schweden Gotland
44%
Norwegen, Finnland, Schweden Skandinavische Halbinsel
38%
Portugal Azoren
35%
Vereinigtes Königreich Isle of Man
32%
Russland Kola
32%
Dänemark Seeland
29%
Spanien Balearen
26%
Schottland Shetland
21%
Schottland Orkney
18%
Schottland Hebriden
15%
Norwegen Öland
15%
Dänemark Bornholm
12%
Italien Apenninen Halbinsel
3%
Spanien, Portugal Pyrenäen Halbinsel
3%
Keine übereinstimmenden Quizze gefunden
Verteilung der Resultate
Anzahl Personen mit jedem Resultat
Perzentil nach korrekt beantworteten Fragen
Ihre Resultats-Entwicklung
Sie haben dieses Quiz noch nicht gespielt